Medzinárodný obchod - právne špecifiká
Niektoré právne špecifiká v medzinárodnom obchode. Ak je rozhodným právom slovenské obchodné právo. Zákaz ďalšieho vývozu. Obmedzenie predaja. Medzinárodný obchod a úradné povolenie. Výhradný predaj.
Salvato in:
| Autore principale: | |
|---|---|
| Natura: | Capitolo di libro |
| Lingua: | slovacco |
| Soggetti: | |
| Tags: |
Nessun Tag, puoi essere il primo ad aggiungerne!!
|
MARC
| LEADER | 00000naa a2200000 4500 | ||
|---|---|---|---|
| 001 | 0258298 | ||
| 005 | 20190917140422.8 | ||
| 041 | 0 | |a slo | |
| 044 | |a SK | ||
| 245 | 1 | 0 | |a Medzinárodný obchod - právne špecifiká |c Ján Mintál |
| 520 | |a Niektoré právne špecifiká v medzinárodnom obchode. Ak je rozhodným právom slovenské obchodné právo. Zákaz ďalšieho vývozu. Obmedzenie predaja. Medzinárodný obchod a úradné povolenie. Výhradný predaj. | ||
| 610 | 2 | 0 | |a obchod medzinárodný |
| 610 | 2 | 0 | |a zákonník obchodný |
| 610 | 2 | 0 | |a vývoz |
| 610 | 2 | 0 | |a reexport |
| 610 | 2 | 0 | |a predaj |
| 610 | 2 | 0 | |a dodávatelia |
| 610 | 2 | 0 | |a odberatelia |
| 610 | 2 | 0 | |a zmluvy obchodné |
| 100 | 1 | |a Mintál, Ján | |